000 00959nam a2200217Ia 4500
003 Ost
005 20260507075016.0
008 260507s9999||||xx |||||||||||||| ||und||
020 _a9775919800
040 _cfsecg
041 _aara
082 _a341.79
100 _aالخضيري، محسن أحمد
_eمؤلف
245 0 _aمبادئ التفاوض /
_c محسن أحمد الخضيري
260 _aالقاهرة:
_bمجموعة النيل العربية,
_c2003
300 _a175 صفحة؛
_bإيضاحات ؛
_c24 سم
520 _aأهمية التفاوض - مفهوم التفاوض - شروط التفاوض - مبادئ التفاوض - خطوات التفاوض - مناهج واستراتيجيات وسياسات وتكتيكات التفاوض - خصائص ومواصفات المفاوض المحترف - حالات عملية عن التفاوض
653 _aالتفاوض
653 _aالمفاوضات
942 _cكتاب
999 _c42211
_d42211